Vietnam-Quiz - Statistiken

Allgemein
  • Dieses Quiz wurde 2.176 mal gespielt
  • Das Durchschnittsergebnis liegt bei 12 aus 20
Antwortstatistiken
Frage Antwort % Korrekt
Hauptstadt Hanoi
94%
Länder, die an Vietnam grenzen Laos
93%
Länder, die an Vietnam grenzen China
91%
Länder, die an Vietnam grenzen Kambodscha
90%
Grundnahrungsmittel Reis
87%
Vietnam war Kolonie von diesem europäischen Land Frankreich
85%
Zweitwichtigste Religion, nach den vietnamesischen "Volksreligionen" Buddhismus
80%
Bevölkerungsreichste Stadt Ho-Chi-Minh-Stadt
80%
Ehemaliger Name der obigen Stadt Saigon
68%
Familiennamen von ca. 50% der vietnamesischen Bevölkerung Nguyen
60%
Längster Fluss Mekong
58%
Halbinsel, auf der Vietnam liegt Indochina
46%
Beliebte Nudelsuppe Phở
46%
Guerillagruppe von Südvietnam, die die USA bekämpfte Viet Cong
45%
Währung Dồng
38%
Einzige politische Partei Kommunistenpartei
38%
Touristische Bucht mit ca. 2000 kleinen Inseln {Hạlong}-Bucht
27%
Fluss, der durch die Hauptstadt fließt Roter Fluss
22%
Familiennamen von ca. 50% der vietnamesischen Bevölkerung Tran
19%
Vietnamesisches Neujahr Tết
19%
Keine übereinstimmenden Quizze gefunden
Verteilung der Resultate
Anzahl Personen mit jedem Resultat
Perzentil nach korrekt beantworteten Fragen
Ihre Resultats-Entwicklung
Sie haben dieses Quiz noch nicht gespielt